000 00351 a2200145 4500
999 _c321113
_d321113
001 86040
003 NUST
005 20180124095717.0
008 180122b xxu||||| |||| 00| 0 eng d
082 _a297.63 NAU
100 _aAllama Shibli Numani
_99409
245 _aSeerat Ul Nabi (Vol-II)
_hUrdu
260 _aLahore
_bCombine Printers
_c2010
300 _a350p.
500 _aPAF Book Club
505 _aAHQ Books
942 _aNUST-CAE
_k297.63 NAU
_cBK
_2ddc